[Event "WchT Seniors 50"]
[Site "Vilnius"]
[Date "2014.07.18"]
[Round "6.3"]
[White "Voronova, Tatiana"]
[Black "Valiunas, Rimantas"]
[Result "0-1"]
[WhiteElo "2176"]
[BlackElo "2038"]
[PlyCount "71"]
[EventDate "2014.07.13"]
[EventType "team-swiss"]
[EventRounds "9"]
[EventCountry "LTU"]
[SourceTitle "CBM 161 Extra"]
[Source "ChessBase"]
[SourceDate "2014.08.29"]
[SourceVersion "1"]
[SourceVersionDate "2014.08.29"]
[SourceQuality "1"]
[WhiteTeam "Latvia (W)"]
[BlackTeam "Lithuania Marijampole"]
[WhiteTeamCountry "LAT"]
[BlackTeamCountry "LTU"]

1. Nf3 d6 2. e4 c5 3. c3 Nf6 4. h3 e6 5. Bd3 Nc6 6. 0-0 Be7 7. Bc2 0-0 8. d4 cxd4 9. cxd4 Nb4 10. Bb3 Nxe4 11. Qe1 d5 12. Nc3 Nd3 13. Qe2 Nxc1 14. Rfxc1 f5 15. Rd1 Bd7 16. Ne5 Be8 17. f3 Ng3 18. Qd3 Bd6 19. Re1 Qh4 20. Rad1 a6 21. a3 Rf6 22. Nxd5 exd5 23. Bxd5+ Kh8 24. Bxb7 Rb8 25. Nc4 Bf4 26. b3 Nh5 27. Qe2 Bf7 28. Qe7 Qg3 29. Ne5 Bxb3 30. Kf1 Qh2 31. Ke2 Bxd1+ 32. Kxd1 Qxg2 33. Nc4 Qa2 34. Qe8+ Rf8 35. Qc6 Qb1+ 36. Ke2 0-1

[Event "WchT Seniors 50"]
[Site "Vilnius"]
[Date "2014.07.17"]
[Round "5.4"]
[White "Laine, Panu"]
[Black "Voronova, Tatiana"]
[Result "1/2-1/2"]
[WhiteElo "2168"]
[BlackElo "2176"]
[PlyCount "26"]
[EventDate "2014.07.13"]
[EventType "team-swiss"]
[EventRounds "9"]
[EventCountry "LTU"]
[SourceTitle "CBM 161 Extra"]
[Source "ChessBase"]
[SourceDate "2014.08.29"]
[SourceVersion "1"]
[SourceVersionDate "2014.08.29"]
[SourceQuality "1"]
[WhiteTeam "Finland"]
[BlackTeam "Latvia (W)"]
[WhiteTeamCountry "FIN"]
[BlackTeamCountry "LAT"]

1. e4 d5 2. exd5 Qxd5 3. Nc3 Qa5 4. d4 c6 5. Bc4 Nf6 6. Nf3 Bg4 7. h3 Qh5 8. Bf4 Bxf3 9. gxf3 e6 10. Qe2 Bb4 11. 0-0-0 Bxc3 12. bxc3 Nd5 13. Bd2 h6 1/2-1/2

[Event "WchT Seniors 50"]
[Site "Vilnius"]
[Date "2014.07.13"]
[Round "1.1"]
[White "Kveinys, Aloyzas"]
[Black "Voronova, Tatiana"]
[Result "1-0"]
[WhiteElo "2527"]
[BlackElo "2176"]
[PlyCount "83"]
[EventDate "2014.07.13"]
[EventType "team-swiss"]
[EventRounds "9"]
[EventCountry "LTU"]
[SourceTitle "CBM 161 Extra"]
[Source "ChessBase"]
[SourceDate "2014.08.29"]
[SourceVersion "1"]
[SourceVersionDate "2014.08.29"]
[SourceQuality "1"]
[WhiteTeam "Lithuania"]
[BlackTeam "Latvia (W)"]
[WhiteTeamCountry "LTU"]
[BlackTeamCountry "LAT"]

1. d4 c5 2. d5 g6 3. g3 d6 4. Bg2 Bg7 5. Nf3 Nf6 6. 0-0 0-0 7. c4 e6 8. dxe6 Bxe6 9. Ng5 Nc6 10. Nxe6 fxe6 11. Nc3 Rf7 12. Bf4 Ne8 13. Qd2 Ne5 14. b3 Re7 15. Rad1 Nf7 16. Ne4 h6 17. h4 Qb6 18. Qc2 a6 19. Nc3 Bxc3 20. Qxc3 e5 21. Bc1 Ng7 22. Qd3 Kh7 23. Be4 Re6 24. Qf3 Nh8 25. h5 Qd8 26. hxg6+ Nxg6 27. Qe3 Qg5 28. Qxg5 hxg5 29. Kg2 Ne8 30. Bxb7 Ra7 31. Bd5 Rf6 32. Bxg5 Rf5 33. Rh1+ Kg7 34. Bh6+ Kf6 35. e4 Rg5 36. Bxg5+ Kxg5 37. Bc6 Nf6 38. Rxd6 Rf7 39. f3 Nh5 40. Rxh5+ Kxh5 41. Be8 Rg7 42. Rxg6 1-0

[Event "LAT-chT Higher League"]
[Site "Ventspils"]
[Date "2013.05.18"]
[Round "4.5"]
[White "Voronova, Tatiana"]
[Black "Matisone, Dana"]
[Result "1-0"]
[WhiteElo "2176"]
[BlackElo "1725"]
[PlyCount "83"]
[EventDate "2013.05.06"]
[EventType "team-match"]
[EventRounds "9"]
[EventCountry "LAT"]
[SourceTitle "EXT 2019"]
[Source "ChessBase"]
[SourceDate "2018.10.10"]
[SourceVersion "1"]
[SourceVersionDate "2018.10.10"]
[SourceQuality "1"]

1. e4 c6 2. Nc3 d5 3. Nf3 Bg4 4. h3 Bxf3 5. Qxf3 d4 6. Bc4 Nf6 7. Ne2 e5 8. g4 h6 9. d3 Nbd7 10. a3 b5 11. Ba2 Bd6 12. 0-0 Qe7 13. Ng3 g6 14. c3 Bc5 15. Ne2 a5 16. cxd4 exd4 17. Qg3 g5 18. Kg2 Ne5 19. f4 gxf4 20. Bxf4 Ng6 21. e5 Nd5 22. Bxd5 cxd5 23. Rac1 Ra6 24. Rc2 h5 25. g5 0-0 26. Rfc1 Ba7 27. Rc7 Qe6 28. Rxa7 Rxa7 29. Nxd4 Qb6 30. Be3 Raa8 31. Rf1 h4 32. Qg4 Nxe5 33. Qxh4 Qg6 34. Nf5 Rfe8 35. Bd4 f6 36. Nh6+ Kh8 37. Rxf6 Qh7 38. Bxe5 Rxe5 39. Nf7+ Kg7 40. Qxh7+ Kxh7 41. Nxe5 Kg8 42. Rf1 1-0

[Event "LAT-chT Higher League"]
[Site "Riga"]
[Date "2012.06.09"]
[Round "5"]
[White "Voronova, Tatiana"]
[Black "Skinke, Katrina"]
[Result "1/2-1/2"]
[WhiteElo "2201"]
[BlackElo "2229"]
[PlyCount "91"]
[EventDate "2012.03.24"]
[EventType "team-tourn"]
[EventRounds "9"]
[EventCountry "LAT"]
[SourceTitle "EXT 2013"]
[Source "ChessBase"]
[SourceDate "2012.11.22"]
[SourceVersion "1"]
[SourceVersionDate "2012.11.22"]
[SourceQuality "1"]

1. e4 d6 2. d4 Nf6 3. f3 c5 4. c3 Qc7 5. Be3 e6 6. Bd3 Nc6 7. a3 Be7 8. Ne2 0-0 9. b4 Rd8 10. 0-0 a6 11. Nd2 b5 12. Qe1 Bb7 13. Qf2 Rd7 14. Rfd1 Na7 15. Rdc1 Qd8 16. Bc2 Nc6 17. Nb3 c4 18. Nd2 a5 19. Rcb1 axb4 20. axb4 Qe8 21. Qe1 Rdd8 22. Rxa8 Rxa8 23. Ra1 Nd7 24. Qc1 d5 25. exd5 exd5 26. Nf1 Nb6 27. Rxa8 Qxa8 28. Qb1 h6 29. Nfg3 Nd8 30. Nf5 Bf8 31. Qc1 Ne6 32. Bb1 Qa4 33. Kf2 Bc6 34. Bc2 Qa8 35. Bb1 Nd7 36. Bxh6 gxh6 37. Nxh6+ Bxh6 38. Qxh6 Ndf8 39. Ng3 Ng7 40. Nf5 Nxf5 41. Bxf5 Be8 42. Qg5+ Kh8 43. Qh6+ Kg8 44. Qg5+ Kh8 45. Qh6+ Kg8 46. Qg5+ 1/2-1/2

[Event "Aegean op 34th"]
[Site "Aghios Kirykos"]
[Date "2011.07.11"]
[Round "3"]
[White "Middelhoven, Huib"]
[Black "Voronova, Tatiana"]
[Result "1/2-1/2"]
[WhiteElo "1984"]
[BlackElo "2225"]
[PlyCount "38"]
[EventDate "2011.07.09"]
[EventType "swiss"]
[EventRounds "9"]
[EventCountry "GRE"]
[SourceTitle "CBM 143 Extra"]
[Source "ChessBase"]
[SourceDate "2011.08.29"]
[SourceVersion "1"]
[SourceVersionDate "2011.08.29"]
[SourceQuality "1"]

1. e4 c6 2. d4 g6 3. Nc3 d5 4. e5 Bg7 5. Nf3 f6 6. exf6 exf6 7. Bd3 Nh6 8. h3 0-0 9. 0-0 b6 10. Bf4 Na6 11. Re1 Nc7 12. Qd2 Nf7 13. Ne2 Ne6 14. Be3 a5 15. c4 Nd6 16. cxd5 cxd5 17. Nf4 Nxf4 18. Bxf4 Ra7 19. Rac1 Ne8 1/2-1/2

[Event "Wch Seniors (Women) 19th"]
[Site "Condino"]
[Date "2009.11.06"]
[Round "8"]
[White "Fatalibekova, Elena"]
[Black "Voronova, Tatiana"]
[Result "1-0"]
[WhiteElo "2216"]
[BlackElo "2226"]
[PlyCount "79"]
[EventDate "2009.10.27"]
[EventType "swiss"]
[EventRounds "9"]
[EventCountry "ITA"]
[SourceTitle "EXT 2010"]
[Source "ChessBase"]
[SourceDate "2010.11.25"]
[SourceVersion "1"]
[SourceVersionDate "2010.11.25"]
[SourceQuality "1"]

1. Nf3 g6 2. c4 Bg7 3. d4 c5 4. Nc3 Na6 5. e4 d6 6. Be2 Nf6 7. 0-0 0-0 8. Re1 b6 9. Bf1 Bg4 10. d5 Nc7 11. h3 Bxf3 12. Qxf3 e6 13. Bg5 h6 14. Bd2 Kh7 15. Rad1 a6 16. a4 Qd7 17. e5 dxe5 18. d6 Qxd6 19. Bxh6 Qe7 20. Bg5 Ra7 21. Ne4 Nce8 22. Rd3 Kg8 23. Red1 Ra8 24. h4 Rc8 25. g4 Kh7 26. Bg2 Rh8 27. h5 gxh5 28. gxh5 Kg8 29. h6 Rxh6 30. Bxh6 Bxh6 31. Qg3+ Bg7 32. Qxe5 Ng4 33. Qh5 f5 34. Rd7 Qf8 35. Rd8 fxe4 36. Rxc8 Ngf6 37. Qg6 Qf7 38. Qxf7+ Kxf7 39. Rb8 e3 40. fxe3 1-0

[Event "Wch Seniors (Women) 18th"]
[Site "Bad Zwischenahn"]
[Date "2008.11.03"]
[Round "7"]
[White "Strutinskaya, Galina N"]
[Black "Voronova, Tatiana"]
[Result "0-1"]
[WhiteElo "2282"]
[BlackElo "2229"]
[PlyCount "96"]
[EventDate "2008.10.28"]
[EventType "swiss"]
[EventRounds "11"]
[EventCountry "GER"]
[SourceTitle "EXT 2009"]
[Source "ChessBase"]
[SourceDate "2008.11.26"]
[SourceVersion "1"]
[SourceVersionDate "2008.11.26"]
[SourceQuality "1"]

1. d4 c5 2. d5 e6 3. c4 exd5 4. cxd5 d6 5. Nc3 g6 6. Nf3 Bg7 7. g3 Nf6 8. Bg2 0-0 9. Bf4 a6 10. a4 Nh5 11. Bg5 Qc7 12. Qd2 Re8 13. 0-0 b6 14. h3 f6 15. Be3 Bh8 16. Kh2 Nd7 17. g4 Ng7 18. Bf4 Rb8 19. Qd3 Re7 20. Nd2 Ne5 21. Qg3 b5 22. axb5 axb5 23. Be3 f5 24. f4 Nf7 25. g5 Nh5 26. Qf2 Bd7 27. Bf3 Rbe8 28. Bxh5 Bxc3 29. bxc3 gxh5 30. g6 hxg6 31. Qg3 Rxe3 32. Qxg6+ Kf8 33. Rg1 Rxe2+ 34. Kh1 Qb7 35. Qg7+ Ke7 36. Rg6 Qxd5+ 37. Kg1 Kd8 38. c4 Re1+ 39. Nf1 Qd4+ 40. Qxd4 cxd4 41. Ra8+ Ke7 42. Rxe8+ Kxe8 43. Kf2 Rxf1+ 44. Kxf1 bxc4 45. Ke2 Ke7 46. Rg1 Ke6 47. Kf3 Bc6+ 48. Kg3 c3 0-1

[Event "Wch Seniors (Women) 18th"]
[Site "Bad Zwischenahn"]
[Date "2008.11.02"]
[Round "6"]
[White "Voronova, Tatiana"]
[Black "Erenska Barlo, Hanna"]
[Result "1/2-1/2"]
[WhiteElo "2229"]
[BlackElo "2271"]
[PlyCount "41"]
[EventDate "2008.10.28"]
[EventType "swiss"]
[EventRounds "11"]
[EventCountry "GER"]
[SourceTitle "EXT 2009"]
[Source "ChessBase"]
[SourceDate "2008.11.26"]
[SourceVersion "1"]
[SourceVersionDate "2008.11.26"]
[SourceQuality "1"]

1. e4 e6 2. d4 d5 3. Nc3 dxe4 4. Nxe4 Nd7 5. Bd3 Ngf6 6. Qe2 c5 7. Nxf6+ Nxf6 8. dxc5 Bxc5 9. Nf3 a6 10. 0-0 Qc7 11. c3 Bd6 12. Re1 Bd7 13. Ne5 Bxe5 14. Qxe5 Qxe5 15. Rxe5 Bc6 16. f3 Nd7 17. Re1 Nc5 18. Bc2 0-0-0 19. Be3 Nd3 20. Bxd3 Rxd3 21. Rad1 1/2-1/2

[Event "Four Nations"]
[Site "Oslo"]
[Date "2008.02.15"]
[Round "1.8"]
[White "Bjerke, Silje"]
[Black "Voronova, Tatiana"]
[Result "1/2-1/2"]
[WhiteElo "2162"]
[BlackElo "2242"]
[PlyCount "77"]
[EventDate "2008.02.15"]
[EventType "team"]
[EventRounds "3"]
[EventCountry "NOR"]
[SourceTitle "CBM 122 Extra"]
[Source "ChessBase"]
[SourceDate "2008.03.04"]
[SourceVersion "1"]
[SourceVersionDate "2008.03.04"]
[SourceQuality "1"]
[WhiteTeam "Norway"]
[BlackTeam "Latvia"]
[WhiteTeamCountry "NOR"]
[BlackTeamCountry "LAT"]

1. e4 e6 2. d4 d5 3. Nc3 Bb4 4. e5 Qd7 5. a3 Bxc3+ 6. bxc3 Ne7 7. Nf3 b6 8. a4 Ba6 9. Bxa6 Nxa6 10. 0-0 c5 11. Ba3 Qc6 12. Ng5 h6 13. Nh3 Nb8 14. Qd2 Nd7 15. f4 g6 16. Nf2 Rc8 17. Rfc1 h5 18. Nd1 Nf5 19. Ne3 Nb8 20. Nxf5 gxf5 21. a5 Nd7 22. axb6 axb6 23. Ra2 Nf8 24. Rca1 Ng6 25. Qf2 h4 26. Bc1 cxd4 27. cxd4 Kf8 28. Ba3+ Kg7 29. Bb4 Ra8 30. c3 Rxa2 31. Rxa2 Qc4 32. Ra1 Qd3 33. Rf1 Ra8 34. g3 h3 35. Qf3 Qxf3 36. Rxf3 Ra2 37. Rf2 Ra1+ 38. Rf1 Ra2 39. Rf2 1/2-1/2

[Event "Wch Seniors (Women)"]
[Site "Gmunden"]
[Date "2007.09.23"]
[Round "6"]
[White "Voronova, Tatiana"]
[Black "Saunina, Ludmila"]
[Result "1/2-1/2"]
[WhiteElo "2227"]
[BlackElo "2300"]
[PlyCount "151"]
[EventDate "2007.09.17"]
[EventType "swiss"]
[EventRounds "11"]
[EventCountry "AUT"]
[SourceTitle "EXT 2009"]
[Source "ChessBase"]
[SourceDate "2008.11.26"]
[SourceVersion "1"]
[SourceVersionDate "2008.11.26"]
[SourceQuality "1"]

1. e4 c5 2. c3 d6 3. d4 Nf6 4. Bd3 g6 5. h3 Bg7 6. Nf3 0-0 7. 0-0 Qc7 8. Re1 Rd8 9. a3 a5 10. a4 Na6 11. Na3 cxd4 12. Nb5 Qb8 13. cxd4 Nb4 14. Bf4 Nxd3 15. Qxd3 Bd7 16. Rac1 Rc8 17. Nc3 Bc6 18. d5 Bd7 19. e5 Ne8 20. exd6 exd6 21. Nd4 Nf6 22. Ndb5 Bxb5 23. Nxb5 Rxc1 24. Rxc1 Ne8 25. b3 Qd8 26. Qg3 Bf8 27. Rc4 Qd7 28. Qd3 Bg7 29. Qg3 Bf8 30. Qd3 Bg7 31. Bd2 Bf6 32. g4 Bg7 33. Kf1 Be5 34. Kg2 Bg7 35. Qf3 Qd8 36. Qd3 Qd7 37. Bf4 Bf8 38. Bd2 Bg7 39. f3 Be5 40. f4 Bg7 41. Qf3 Qd8 42. g5 Qd7 43. Qg4 Qe7 44. Qf3 Qd7 45. Qe4 Bf8 46. Bc3 Bg7 47. Be1 Qd8 48. Bf2 Kf8 49. Be3 Qd7 50. Bb6 Kg8 51. Kg3 Bf8 52. Bd4 Bg7 53. Bf2 Bf8 54. Kg2 Qd8 55. Bd4 Bg7 56. Be3 Qd7 57. Qc2 Qe7 58. Bf2 Bf8 59. Nc7 Rc8 60. Nxe8 Rxc4 61. Qxc4 Qxe8 62. Kg3 h5 63. Kf3 Qd7 64. Kg2 Qe7 65. Kf1 Qd7 66. Qd3 Qc7 67. Qc4 Qd7 68. Kg2 Qe7 69. Kf1 Qd7 70. Qd3 Qc7 71. Be3 Bg7 72. Ke2 Qe7 73. Kf1 Qc7 74. Kf2 Bf8 75. Qc4 Qd7 76. Kg2 1/2-1/2

[Event "LAT-ch (Women)"]
[Site "Riga"]
[Date "2005.05.20"]
[Round "9"]
[White "Voronova, Tatiana"]
[Black "Vilerte, Tamara"]
[Result "0-1"]
[WhiteElo "2226"]
[BlackElo "2230"]
[PlyCount "74"]
[EventDate "2005.05.13"]
[EventType "tourn"]
[EventRounds "10"]
[EventCountry "LAT"]
[EventCategory "1"]
[SourceTitle "CBM 106 Extra"]
[Source "ChessBase"]
[SourceDate "2005.07.01"]
[SourceVersion "1"]
[SourceVersionDate "2005.07.01"]
[SourceQuality "1"]

1. e4 c5 2. Nf3 Nc6 3. Nc3 d6 4. g3 g6 5. Bg2 Bg7 6. 0-0 e6 7. d3 Nge7 8. Bf4 0-0 9. Qd2 Nd4 10. Bh6 Nxf3+ 11. Bxf3 Nc6 12. Bxg7 Kxg7 13. Bg2 Qb6 14. a3 Nd4 15. Nd1 e5 16. Ne3 Be6 17. b4 a5 18. bxc5 Qxc5 19. a4 b5 20. axb5 Qxb5 21. Rfb1 Qc5 22. Ra4 Rfb8 23. Rba1 Rb2 24. Nc4 Rxc2 25. Qd1 Bxc4 26. dxc4 Rxc4 27. Rxc4 Qxc4 28. Bf1 Qb3 29. Qxb3 Nxb3 30. Rd1 a4 31. Bc4 Rc8 32. Bd5 Rc2 33. Kg2 Nc1 34. Re1 Nd3 35. Ra1 Nc5 36. Ra3 Rb2 37. Rf3 f6 0-1

[Event "LAT-ch (Women)"]
[Site "Riga"]
[Date "2005.05.15"]
[Round "4"]
[White "Vilerte, Tamara"]
[Black "Voronova, Tatiana"]
[Result "1/2-1/2"]
[WhiteElo "2230"]
[BlackElo "2226"]
[PlyCount "24"]
[EventDate "2005.05.13"]
[EventType "tourn"]
[EventRounds "10"]
[EventCountry "LAT"]
[EventCategory "1"]
[SourceTitle "CBM 106 Extra"]
[Source "ChessBase"]
[SourceDate "2005.07.01"]
[SourceVersion "1"]
[SourceVersionDate "2005.07.01"]
[SourceQuality "1"]

1. d4 e6 2. c4 c5 3. d5 exd5 4. cxd5 d6 5. Nc3 g6 6. e4 a6 7. a4 Bg7 8. Bd3 Ne7 9. h3 Nd7 10. Nf3 Qc7 11. Qe2 0-0 12. 0-0 Ne5 1/2-1/2

[Event "LAT-ch (Women)"]
[Site "Riga"]
[Date "2005.05.13"]
[Round "1"]
[White "Voronova, Tatiana"]
[Black "Erneste, Inguna"]
[Result "1/2-1/2"]
[WhiteElo "2226"]
[BlackElo "2287"]
[PlyCount "37"]
[EventDate "2005.05.13"]
[EventType "tourn"]
[EventRounds "10"]
[EventCountry "LAT"]
[EventCategory "1"]
[SourceTitle "CBM 106 Extra"]
[Source "ChessBase"]
[SourceDate "2005.07.01"]
[SourceVersion "1"]
[SourceVersionDate "2005.07.01"]
[SourceQuality "1"]

1. e4 e5 2. Nf3 Nc6 3. Bb5 a6 4. Ba4 Nf6 5. 0-0 Be7 6. Re1 b5 7. Bb3 d6 8. a4 Bb7 9. d3 0-0 10. Bd2 Qd7 11. Nc3 Na5 12. Ba2 b4 13. Ne2 c5 14. Ng3 Ne8 15. c3 bxc3 16. bxc3 Bc6 17. Nf5 Bf6 18. Ne3 Nc7 19. Bd5 1/2-1/2

[Event "Keres Memorial (Women)"]
[Site "Tallinn"]
[Date "2001.01.06"]
[Round "2"]
[White "Piarnpuu, Leili"]
[Black "Voronova, Tatiana"]
[Result "1/2-1/2"]
[WhiteElo "2227"]
[BlackElo "2278"]
[PlyCount "44"]
[EventDate "2001.01.06"]
[EventType "tourn (rapid)"]
[EventRounds "7"]
[EventCountry "EST"]
[SourceTitle "CBM 080 Extra"]
[Source "ChessBase"]
[SourceDate "2001.03.08"]
[SourceVersion "1"]
[SourceVersionDate "2001.03.08"]
[SourceQuality "1"]

1. Nf3 Nf6 2. d4 c5 3. d5 d6 4. Nc3 Qa5 5. Bd2 b5 6. a3 a6 7. Ne4 Qc7 8. Nxf6+ exf6 9. e4 g6 10. c4 Qe7 11. Qc2 Bf5 12. Bd3 bxc4 13. Qxc4 Bg7 14. 0-0 Bg4 15. Ne1 0-0 16. Qc2 Bc8 17. f4 Nd7 18. Nf3 Re8 19. Rae1 Nb6 20. Ba5 Qa7 21. Kh1 Bd7 22. Qf2 Rac8 1/2-1/2

[Event "Olympiad Women-34"]
[Site "Istanbul"]
[Date "2000.10.30"]
[Round "3.2"]
[White "Lakos, Nikoletta"]
[Black "Voronova, Tatiana"]
[Result "0-1"]
[WhiteElo "2327"]
[BlackElo "2278"]
[PlyCount "84"]
[EventDate "2000.10.28"]
[EventType "team-swiss"]
[EventRounds "14"]
[EventCountry "TUR"]
[SourceTitle "EXT 2001"]
[Source "ChessBase"]
[SourceDate "2000.11.22"]
[SourceVersion "1"]
[SourceVersionDate "2000.11.22"]
[SourceQuality "1"]
[WhiteTeam "Hungary (W)"]
[BlackTeam "Latvia (W)"]
[WhiteTeamCountry "HUN"]
[BlackTeamCountry "LAT"]

1. e4 e6 2. d4 d5 3. Nd2 Be7 4. Ngf3 Nf6 5. Bd3 c5 6. exd5 Qxd5 7. dxc5 Qxc5 8. Qe2 Nbd7 9. Nc4 Qc7 10. 0-0 0-0 11. Nce5 Nxe5 12. Nxe5 Nd5 13. c4 Nb4 14. Bb1 f6 15. Qh5 f5 16. Qe2 Bd6 17. f4 Nc6 18. Nxc6 Qxc6 19. Bd3 b6 20. b3 Rf6 21. Rf3 Rg6 22. Rg3 Bc5+ 23. Be3 Rxg3 24. hxg3 Bb7 25. Bxc5 Qxc5+ 26. Qf2 Rd8 27. Qxc5 bxc5 28. Rd1 Kf7 29. Be2 Rxd1+ 30. Bxd1 e5 31. Kf2 Ke6 32. a3 a5 33. Bc2 h6 34. Bd1 Be4 35. Ke3 Bxg2 36. g4 Be4 37. fxe5 Kxe5 38. gxf5 Bxf5 39. Bf3 Bc2 40. b4 cxb4 41. axb4 axb4 42. c5 Bf5 0-1

[Event "Keres Memorial (Women)"]
[Site "Tallinn"]
[Date "1999.01.10"]
[Round "7"]
[White "Voronova, Tatiana"]
[Black "Kovalevskaya, Ekaterina"]
[Result "0-1"]
[WhiteElo "2276"]
[BlackElo "2499"]
[PlyCount "102"]
[EventDate "1999.01.09"]
[EventType "tourn (rapid)"]
[EventRounds "7"]
[EventCountry "EST"]
[EventCategory "4"]
[SourceTitle "CBM 068 Extra"]
[Source "ChessBase"]
[SourceDate "1999.03.01"]
[SourceVersion "1"]
[SourceVersionDate "1999.03.01"]
[SourceQuality "1"]

1. e4 c5 2. Nf3 d6 3. Bb5+ Bd7 4. Bxd7+ Qxd7 5. 0-0 Nc6 6. c3 Nf6 7. Qe2 e5 8. Na3 Be7 9. Nc2 0-0 10. d4 cxd4 11. cxd4 Rac8 12. Bd2 Bd8 13. dxe5 dxe5 14. Bc3 Bc7 15. h3 Nh5 16. Rfd1 Nf4 17. Rxd7 Nxe2+ 18. Kf1 Nxc3 19. bxc3 Rfd8 20. Rad1 Bb6 21. Rxd8+ Rxd8 22. Rxd8+ Bxd8 23. Ke2 f6 24. Ne3 Kf7 25. Kd3 Ke6 26. g4 Bb6 27. Nd2 Bxe3 28. Kxe3 Kd6 29. Nb3 Nd8 30. Nc1 Kc5 31. Kd2 Ne6 32. Nd3+ Kc4 33. Nb2+ Kb5 34. h4 g6 35. f3 Nf4 36. a4+ Kc5 37. Nd3+ Nxd3 38. Kxd3 h6 39. h5 gxh5 40. gxh5 a5 41. Kd2 b5 42. axb5 Kxb5 43. Kc2 Kc4 44. Kb2 a4 45. Ka3 Kxc3 46. Kxa4 Kd4 47. Kb5 Ke3 48. Kc5 Kxf3 49. Kd5 Kf4 50. Ke6 Kxe4 51. Kxf6 Kf4 0-1

[Event "Olympiad Women-33"]
[Site "Elista"]
[Date "1998.10.02"]
[Round "4"]
[White "Shah, Pallavi G"]
[Black "Voronova, Tatiana"]
[Result "1/2-1/2"]
[WhiteElo "2130"]
[BlackElo "2270"]
[PlyCount "74"]
[EventDate "1998.09.29"]
[EventType "team-swiss"]
[EventRounds "13"]
[EventCountry "RUS"]
[SourceTitle "CBM 066 Extra"]
[Source "ChessBase"]
[SourceDate "1998.11.06"]
[SourceVersion "1"]
[SourceVersionDate "1998.11.06"]
[SourceQuality "1"]

1. e4 e6 2. d4 d5 3. Nd2 c5 4. exd5 Qxd5 5. Ngf3 cxd4 6. Bc4 Qd6 7. 0-0 Nf6 8. Nb3 Nc6 9. Nbxd4 Nxd4 10. Nxd4 a6 11. c3 Qc7 12. Bb3 Bd6 13. h3 0-0 14. Qe2 Bh2+ 15. Kh1 Bf4 16. Re1 Bd7 17. Qf3 Bxc1 18. Raxc1 Rac8 19. Qe3 Rfe8 20. Qe5 Qxe5 21. Rxe5 Rcd8 22. Rce1 Kf8 23. Kh2 Rc8 24. R1e2 g6 25. g3 Rc7 26. Kg2 Rec8 27. Rd2 Rc5 28. Rde2 Rxe5 29. Rxe5 Ke7 30. Re2 Ne8 31. f4 Nd6 32. Kf3 Rc5 33. Kf2 Nb5 34. Nxb5 Bxb5 35. Re5 Rc7 36. Bd5 h5 37. Re1 Bc4 1/2-1/2

[Event "Olympiad Women-32"]
[Site "Yerevan"]
[Date "1996.??.??"]
[Round "12"]
[White "Epstein, Esther"]
[Black "Voronova, Tatiana"]
[Result "1/2-1/2"]
[WhiteElo "2245"]
[BlackElo "2255"]
[PlyCount "74"]
[EventDate "1996.09.15"]
[EventType "team-swiss"]
[EventRounds "14"]
[EventCountry "ARM"]
[SourceTitle "EXT 1997"]
[Source "ChessBase"]
[SourceDate "1996.11.15"]
[SourceVersion "1"]
[SourceVersionDate "1996.11.15"]
[SourceQuality "1"]

1. e4 d5 2. exd5 Qxd5 3. Nc3 Qa5 4. d4 Nf6 5. Nf3 c6 6. Ne5 Bf5 7. g4 Be6 8. Bg2 Nbd7 9. Nxd7 Bxd7 10. h3 h5 11. g5 Nd5 12. Bd2 Nxc3 13. bxc3 g6 14. 0-0 Qc7 15. Qf3 Be6 16. Bf4 Qd7 17. Be5 Rg8 18. Rfb1 Bd5 19. Qd3 Bxg2 20. Kxg2 Bg7 21. Bxg7 Rxg7 22. Qg3 0-0-0 23. a4 f6 24. Re1 Qd6 25. Qxd6 Rxd6 26. h4 Rf7 27. Re4 Kd7 28. Rae1 Rd5 29. Rb1 b6 30. f4 Rf5 31. Kg3 Ra5 32. Rb4 Kd6 33. Re1 Rf8 34. c4 c5 35. dxc5+ Rxc5 36. Rb3 Rxc4 37. Rd3+ Kc5 1/2-1/2